000 00521nam a22001697a 4500
005 20241122160420.0
008 241122b |||||||| |||| 00| 0 eng d
020 _a9788120328266
050 _aQA300
_b.A55
100 _aAndrews, Larry C.
245 _aMathematical Techniques/
_bfor engineers and scientists
_cLarry C. Andrews & Ronald L. Phillips
260 _aNew Delhi
_bPrentice-Hall of India
_c2006
300 _axv.797p.
_bill.
_c24cm
650 _2Mathematics
700 _aPhillips, Ronald L.
942 _2lcc
_cBK
_n0
999 _c1456
_d1456